000 00637 a2200193 4500
001 61849
005 20260407155910.0
008 260407a1970 arg spa d
003 AR-UNSa-BCEJYS
040 _aAR-UNSa-BCEJYS
_bspa
_cAR-UNSa-BCEJYS
080 _a347.725
_xSociedades públicas. Sociedades anónimas (Sociedades por acciones)
245 1 0 _aDerechos patrimoniales de accionistas
_pLa acción en la teoría de los títulos valores
264 1 _aCórdoba :
_bEdiciones Lerner
_c1970
300 _a282 p.
_c22 cm.
041 _aspa
942 _cBK
590 _aniveau_biblio:m niveau_hierar:0
100 1 _aRichard, Efraín Hugo
999 _c7439
_d7439